Boxeadores argentinos - Estadísticas

Estadísticas generales
  • Esta prueba ha sido intentada 12 veces
  • La puntuación promedio es 8 de 16
Estadísticas de respuestas
Imagen Hint Respuesta % Correcto
"Maravilla" Sergio Martínez
100%
"Locomotora" / "Roña" Jorge Castro
92%
"La Tigresa" Marcela Acuña
92%
"El Chino" Marcos Maidana
92%
"Ringo" Oscar Bonavena
92%
"Escopeta" / "Macho" Carlos Monzón
83%
"El Intocable" Nicolino Locche
75%
"Locomotora" Alejandra Oliveras
67%
"El Mono" / "El Tigre" José María Gatica
50%
"El Toro de las Pampas" Luis Firpo
33%
"Falucho" Santos Laciar
25%
"Tata" Carlos Baldomir
17%
"El Leopardo de Morón" Víctor Galíndez
17%
"La Pantera" Erica Farías
8%
"La Gata" Mónica Acosta
0%
"El León Mendocino" Pascual Pérez
0%
No se encontraron pruebas coincidentes
Distribución de puntuación
Porcentaje de gente con cada puntuación
Porcentaje por número respondido
Historial de tus puntuaciones
No has intentado esta prueba.